000 01079nam a2200277Ia 4500
003 OSt
005 20221005111212.0
006 a|||||r|||| 00| 0
007 ta
008 221004b |||||||| |||| 00| 0 hin d
020 _a8170551994 (hbk)
_c200
024 _a97396
037 _b1241, 02/03/2009, Pioneer Books Distributors
_cTextual
040 _aCRL
_cCRL
_bhin
041 _2hin
_ahin
082 _aV2-3:(KZ311).M94, 152P3
100 _aधर्मपाल
245 0 _aगो वध और अंग्रेज
246 _aGo vadh aur aangreja
260 _aनई दिल्ली
_bवाणी प्रकाशन भारत
_c2003
300 _a184पृ0
_ccm.
700 _a पाराशर, पंकज, अनु.
700 _a मुकुन्दन, टी. एम.
942 _hV2-3:(KZ311).M94, 152P3
_cTEXL
_2cc
999 _c1021134
_d1021134